The miR-200 family is controlled by epigenetic-based mechanisms and mediates transition between non-stem and stem-like cell phenotypes /
Saved in:
| Main Author: | |
|---|---|
| Format: | Thesis Book |
| Language: | English |
| Published: |
2012.
|
| Subjects: | |
| Tags: |
Add Tag
No Tags, Be the first to tag this record!
|
| LEADER | 01022cam a2200277 a 4500 | ||
|---|---|---|---|
| 001 | u868936 | ||
| 003 | SIRSI | ||
| 005 | 201211291204 | ||
| 008 | 121129s2012 at a v 000 0 eng m | ||
| 040 | |a UMM | ||
| 090 | |a QH583 |b Lim | ||
| 100 | 1 | |a Lim, Yat Yuen. | |
| 245 | 1 | 4 | |a The miR-200 family is controlled by epigenetic-based mechanisms and mediates transition between non-stem and stem-like cell phenotypes / |c Yat Yuen LIM. |
| 260 | |c 2012. | ||
| 300 | |a xxvii, 217 leaves : |b ill. ; |c 30 cm | ||
| 502 | |a Thesis (Ph.D) -- School of Medicine, Faculty of Health Sciences, The University of Adelaide, Australia, 2012. | ||
| 504 | |a Bibliography: leaves 191-217. | ||
| 596 | |a 1 | ||
| 650 | 0 | |a Cytology. | |
| 650 | 0 | |a Cancer cells |x Identification. | |
| 650 | 0 | |a Gene expression. | |
| 650 | 0 | |a Non-coding RNA. | |
| 650 | 0 | |a Breast |x Cancer |x Diagnosis. | |
| 710 | 2 | |a University of Adelaide. | |
| 900 | |a ZA | ||
| 999 | |a QH583 LIM |w LC |c 1 |i A515363420 |d 7/10/2018 |e 7/10/2018 |f 27/10/2014 |g 1 |l STACKS |m P01UTAMA |n 1 |r Y |s Y |t TESIS |u 21/10/2014 | ||
